| Tag |
First Indicator |
Second Indicator |
Subfields |
| LEADER |
00000cam a2200000Ii 4500 |
| 001 |
in00004172205 |
| 008 |
181018t20182018nyu 000 p eng d |
| 005 |
20250318214100.1 |
| 020 |
|
|
|a 0997630590
|q paperback
|
| 020 |
|
|
|a 9780997630596
|
| 035 |
|
|
|a (OCoLC)1057306801
|
| 035 |
|
|
|a (OCoLC)on1057306801
|
| 040 |
|
|
|a YDX
|b eng
|e rda
|c YDX
|d BDX
|d OCLCQ
|d POETS
|d OCLCF
|d JHE
|d YDXIT
|
| 050 |
|
4 |
|a PS3554.E154
|b A6 2018
|
| 050 |
|
4 |
|a PS3554.E154
|b T68 2018
|
| 082 |
0 |
4 |
|a 811/.54
|2 23
|
| 100 |
1 |
|
|a Dean, Debra Kang,
|d 1955-
|e author.
|
| 240 |
1 |
0 |
|a Poems.
|k Selections
|
| 245 |
1 |
0 |
|a Totem :
|b America /
|c poems by Debra Kang Dean.
|
| 264 |
|
1 |
|a Rochester, New York :
|b Tiger Bark Press,
|c 2018.
|
| 264 |
|
4 |
|c ©2018
|
| 300 |
|
|
|a 114 pages ;
|c 23 cm
|
| 336 |
|
|
|a text
|b txt
|2 rdacontent
|
| 337 |
|
|
|a unmediated
|b n
|2 rdamedia
|
| 338 |
|
|
|a volume
|b nc
|2 rdacarrier
|
| 648 |
|
7 |
|a 2000-2099
|2 fast
|
| 650 |
|
0 |
|a American poetry
|y 21st century.
|
| 650 |
|
7 |
|a American poetry.
|2 fast
|0 (OCoLC)fst00807348
|
| 852 |
8 |
|
|b pda,print
|z This title is available for the library to purchase for your use. Click the "Purchase It For Me" button to place a request. This item may take 5-10 business days to arrive.
|
| 955 |
|
|
|a Print PDA title
|
| 999 |
f |
f |
|s 025beafc-f8e0-4bbd-a4c7-08882ef6d22f
|i 8cb5158e-4917-3aa0-8ded-0e1c1b30aa9e
|t 0
|
| 952 |
f |
f |
|a Texas A&M University
|b College Station
|c Sterling C. Evans Library
|d Purchase on Demand
|t 0
|e PS3554.E154 A6 2018
|h Library of Congress classification
|
| 998 |
f |
f |
|a PS3554.E154 A6 2018
|t 0
|l Purchase on Demand
|